[Event "Avoine op 24th"]
[Site "Avoine"]
[Date "2009.07.20"]
[Round "2"]
[White "Antoine, Jean Luc"]
[Black "Potaux, Olivier"]
[Result "1/2-1/2"]
[WhiteElo "2030"]
[BlackElo "1908"]
[PlyCount "39"]
[EventDate "2009.07.18"]
[EventType "swiss"]
[EventRounds "9"]
[EventCountry "FRA"]
[SourceTitle "CBM 131 Extra"]
[Source "ChessBase"]
[SourceDate "2009.09.03"]
[SourceVersion "2"]
[SourceVersionDate "2009.09.16"]
[SourceQuality "1"]

1. c4 Nf6 2. Nc3 e6 3. d4 Bb4 4. Qc2 Nc6 5. e3 0-0 6. Bd3 d6 7. Nge2 e5 8. d5 Bxc3+ 9. Qxc3 Nb8 10. 0-0 a5 11. Bc2 Nbd7 12. e4 Nc5 13. f3 Nh5 14. Be3 b6 15. g4 Nf6 16. b3 Ne8 17. Ng3 g6 18. a3 Ng7 19. b4 Nd7 20. Qd2 1/2-1/2

[Event "Avoine op 24th"]
[Site "Avoine"]
[Date "2009.07.20"]
[Round "3"]
[White "Potaux, Olivier"]
[Black "Egreteau, Eric"]
[Result "1/2-1/2"]
[WhiteElo "1908"]
[BlackElo "2059"]
[PlyCount "30"]
[EventDate "2009.07.18"]
[EventType "swiss"]
[EventRounds "9"]
[EventCountry "FRA"]
[SourceTitle "CBM 131 Extra"]
[Source "ChessBase"]
[SourceDate "2009.09.03"]
[SourceVersion "2"]
[SourceVersionDate "2009.09.16"]
[SourceQuality "1"]

1. d4 d5 2. Nf3 Bf5 3. Bf4 e6 4. e3 c6 5. c3 h6 6. Bd3 Bxd3 7. Qxd3 Nf6 8. Nbd2 Bd6 9. Bg3 Bxg3 10. hxg3 Nbd7 11. 0-0 0-0 12. e4 Nxe4 13. Nxe4 dxe4 14. Qxe4 a5 15. a4 Nf6 1/2-1/2

[Event "Le Touquet op-A"]
[Site "Le Touquet"]
[Date "2008.10.29"]
[Round "6"]
[White "Auvray, Juliette"]
[Black "Potaux, Olivier"]
[Result "1/2-1/2"]
[WhiteElo "1853"]
[BlackElo "1994"]
[PlyCount "38"]
[EventDate "2008.10.25"]
[EventType "swiss"]
[EventRounds "9"]
[EventCountry "FRA"]
[SourceTitle "EXT 2009"]
[Source "ChessBase"]
[SourceDate "2008.11.26"]
[SourceVersion "1"]
[SourceVersionDate "2008.11.26"]
[SourceQuality "1"]

1. e4 d5 2. exd5 Qxd5 3. Nc3 Qa5 4. d4 c6 5. Nf3 Bf5 6. Bd2 e6 7. Bc4 Nd7 8. Nd5 Qd8 9. Ne3 Bg6 10. 0-0 Bd6 11. Re1 Ngf6 12. d5 cxd5 13. Nxd5 0-0 14. Nxf6+ Nxf6 15. Bg5 Qc7 16. Qe2 Rac8 17. Bb3 Ne4 18. Bh4 Qb6 19. c3 Nc5 1/2-1/2

[Event "FICGS class C 000035 email"]
[Site "FICGS email"]
[Date "2007.12.03"]
[Round "1"]
[White "Riha, Josef"]
[Black "Potaux, Olivier"]
[Result "1-0"]
[WhiteElo "1989"]
[BlackElo "2000"]
[PlyCount "27"]
[EventDate "2007.??.??"]
[EventType "tourn (corr)"]
[EventRounds "4"]
[SourceTitle "Corr 2022"]
[Source "ChessBase"]
[SourceDate "2021.10.24"]
[SourceVersion "1"]
[SourceVersionDate "2021.10.24"]
[SourceQuality "1"]

1. Nf3 Nf6 2. c4 e6 3. Nc3 Bb4 4. Qc2 Nc6 5. a3 Bxc3 6. dxc3 Qe7 7. e4 d6 8. Be2 e5 9. 0-0 0-0 10. b4 Bg4 11. Be3 Bh5 12. Nh4 Bg6 13. f3 Nd7 14. Qd2 1-0

[Event "FICGS class C 000034 email"]
[Site "FICGS email"]
[Date "2007.11.24"]
[Round "1"]
[White "Pilipchuk, Andrey"]
[Black "Potaux, Olivier"]
[Result "1-0"]
[WhiteElo "1840"]
[BlackElo "2000"]
[PlyCount "31"]
[EventDate "2007.??.??"]
[EventType "tourn (corr)"]
[EventRounds "4"]
[SourceTitle "Corr 2022"]
[Source "ChessBase"]
[SourceDate "2021.10.24"]
[SourceVersion "1"]
[SourceVersionDate "2021.10.24"]
[SourceQuality "1"]

1. d4 Nf6 2. c4 e6 3. Nc3 Bb4 4. Qc2 Nc6 5. Nf3 Qe7 6. Bd2 0-0 7. a3 Bxc3 8. Bxc3 d6 9. e3 e5 10. d5 Nb8 11. Be2 a5 12. 0-0 Bg4 13. h3 Bh5 14. e4 Nbd7 15. b4 axb4 16. axb4 1-0

[Event "FICGS class C 000033 email"]
[Site "FICGS email"]
[Date "2007.11.22"]
[Round "1"]
[White "Carrizo, Jose Luis"]
[Black "Potaux, Olivier"]
[Result "1-0"]
[WhiteElo "1803"]
[BlackElo "2000"]
[PlyCount "21"]
[EventDate "2007.??.??"]
[EventType "tourn (corr)"]
[EventRounds "4"]
[SourceTitle "Corr 2022"]
[Source "ChessBase"]
[SourceDate "2021.10.24"]
[SourceVersion "1"]
[SourceVersionDate "2021.10.24"]
[SourceQuality "1"]

1. e4 d5 2. exd5 Qxd5 3. Nc3 Qa5 4. d4 c6 5. Bc4 Bf5 6. Nf3 e6 7. Bd2 Nd7 8. d5 cxd5 9. Nxd5 Qd8 10. Qe2 Ne7 11. Ne3 1-0

[Event "FICGS class C 000033 email"]
[Site "FICGS email"]
[Date "2007.11.22"]
[Round "1"]
[White "Potaux, Olivier"]
[Black "Eygard, John"]
[Result "0-1"]
[WhiteElo "2000"]
[BlackElo "1800"]
[PlyCount "40"]
[EventDate "2007.??.??"]
[EventType "tourn (corr)"]
[EventRounds "4"]
[SourceTitle "Corr 2022"]
[Source "ChessBase"]
[SourceDate "2021.10.24"]
[SourceVersion "1"]
[SourceVersionDate "2021.10.24"]
[SourceQuality "1"]

1. e4 d6 2. d4 Nf6 3. Nc3 g6 4. Be3 Bg7 5. f3 0-0 6. Qd2 Nc6 7. 0-0-0 a5 8. g4 a4 9. h4 a3 10. b3 h5 11. gxh5 Nxh5 12. Bc4 Na5 13. Be2 c6 14. Nh3 c5 15. Rdg1 Nc6 16. dxc5 dxc5 17. Bxc5 Qxd2+ 18. Kxd2 Bxh3 19. Rxh3 Nf4 20. Rhg3 Bxc3+ 0-1

[Event "FRA-ch op-B"]
[Site "Aix les Bains"]
[Date "2007.08.24"]
[Round "10"]
[White "Martin, Bruno"]
[Black "Potaux, Olivier"]
[Result "1/2-1/2"]
[WhiteElo "1999"]
[BlackElo "1913"]
[PlyCount "39"]
[EventDate "2007.08.13"]
[EventType "swiss"]
[EventRounds "11"]
[EventCountry "FRA"]
[SourceTitle "CBM 120 Extra"]
[Source "ChessBase"]
[SourceDate "2007.11.01"]
[SourceVersion "1"]
[SourceVersionDate "2007.11.01"]
[SourceQuality "1"]

1. d4 Nf6 2. c4 e6 3. Nc3 Bb4 4. f3 Nc6 5. a3 Bxc3+ 6. bxc3 Qe7 7. e4 e5 8. Be3 d6 9. Bd3 0-0 10. Ne2 Ne8 11. Nc1 exd4 12. cxd4 f5 13. 0-0 fxe4 14. fxe4 Rxf1+ 15. Qxf1 Nf6 16. Qf4 Bg4 17. Nb3 Bh5 18. Nd2 Bg6 19. Re1 Rf8 20. Qh4 1/2-1/2

[Event "Avoine op 22nd"]
[Site "Avoine"]
[Date "2007.07.28"]
[Round "8"]
[White "Gouanelle, Franck"]
[Black "Potaux, Olivier"]
[Result "1/2-1/2"]
[WhiteElo "2109"]
[BlackElo "1913"]
[PlyCount "60"]
[EventDate "2007.07.21"]
[EventType "swiss"]
[EventRounds "9"]
[EventCountry "FRA"]
[SourceTitle "EXT 2010"]
[Source "ChessBase"]
[SourceDate "2010.11.25"]
[SourceVersion "1"]
[SourceVersionDate "2010.11.25"]
[SourceQuality "1"]

1. c4 e5 2. Nc3 Nc6 3. g3 d6 4. Bg2 g6 5. e3 Bg7 6. Nge2 Nge7 7. d3 Be6 8. Nd5 Qd7 9. Rb1 Nd8 10. h3 c6 11. Nxe7 Qxe7 12. 0-0 d5 13. Qa4 dxc4 14. dxc4 0-0 15. b3 Qc7 16. Ba3 Re8 17. Nc3 f5 18. Nd5 Qb8 19. Nc3 Nf7 20. Ne2 Rd8 21. Rbd1 a6 22. c5 Qc7 23. Qb4 Rxd1 24. Rxd1 Rd8 25. Rxd8+ Nxd8 26. Qd2 Qd7 27. Qc2 Bd5 28. Nc3 Bxg2 29. Kxg2 e4 30. Nd1 Nf7 1/2-1/2

[Event "Le Touquet op 20th"]
[Site "Le Touquet"]
[Date "2005.10.27"]
[Round "6"]
[White "Oger, Claude"]
[Black "Potaux, Olivier"]
[Result "0-1"]
[WhiteElo "2002"]
[BlackElo "1893"]
[PlyCount "74"]
[EventDate "2005.10.23"]
[EventType "swiss"]
[EventRounds "9"]
[EventCountry "FRA"]
[SourceTitle "EXT 2006"]
[Source "ChessBase"]
[SourceDate "2005.11.24"]
[SourceVersion "1"]
[SourceVersionDate "2005.11.24"]
[SourceQuality "1"]

1. e4 d5 2. exd5 Qxd5 3. Nc3 Qa5 4. d4 c6 5. Be3 Bf5 6. Qd2 e6 7. f3 Bb4 8. Nge2 Nf6 9. Qc1 Nbd7 10. Bd2 Qb6 11. a3 Bd6 12. Na4 Qd8 13. c4 e5 14. Bc3 e4 15. Ng3 Bg6 16. Be2 0-0 17. Bd2 exf3 18. gxf3 Qc7 19. Kf2 c5 20. d5 h5 21. Nc3 h4 22. Nf1 a6 23. Bg5 h3 24. Ng3 Rae8 25. Qd2 Nh7 26. Nce4 Be5 27. d6 Qc6 28. Be7 Bd4+ 29. Ke1 f5 30. Nc3 Ne5 31. Rf1 Rf7 32. Nd5 Nf6 33. Bxf6 Nxc4 34. Qd3 Qxd5 35. Qxc4 Qxc4 36. Be7 Rfxe7 37. dxe7 Rxe7 0-1

[Event "Le Touquet op 20th"]
[Site "Le Touquet"]
[Date "2005.10.27"]
[Round "7"]
[White "Potaux, Olivier"]
[Black "Hadet, Emmanuel"]
[Result "1/2-1/2"]
[WhiteElo "1893"]
[BlackElo "2045"]
[PlyCount "83"]
[EventDate "2005.10.23"]
[EventType "swiss"]
[EventRounds "9"]
[EventCountry "FRA"]
[SourceTitle "EXT 2006"]
[Source "ChessBase"]
[SourceDate "2005.11.24"]
[SourceVersion "1"]
[SourceVersionDate "2005.11.24"]
[SourceQuality "1"]

1. d4 Nf6 2. Nf3 d5 3. e3 e6 4. Bd3 c5 5. c3 Nbd7 6. Nbd2 b6 7. Qe2 Bb7 8. e4 dxe4 9. Nxe4 Be7 10. dxc5 bxc5 11. 0-0 0-0 12. Bf4 Qb6 13. Nxf6+ Nxf6 14. Ne5 Rfd8 15. Rad1 a5 16. Rd2 Rd5 17. Rfd1 Bd6 18. Nc4 Qc6 19. Nxd6 Rxd6 20. f3 Rd5 21. Bc4 Rxd2 22. Rxd2 Nd5 23. Bg3 Qb6 24. h4 h6 25. Kh2 a4 26. Bf2 a3 27. Bxd5 exd5 28. b3 Rd8 29. Qe7 Rc8 30. b4 d4 31. bxc5 Qxc5 32. Qxc5 Rxc5 33. Bxd4 Rb5 34. c4 Rb4 35. c5 Rc4 36. Kg3 f6 37. Kf2 Kf7 38. Ke3 Ke6 39. g3 h5 40. Rd3 Ra4 41. Rd2 Rc4 42. Rd3 1/2-1/2

[Event "Le Touquet op 20th"]
[Site "Le Touquet"]
[Date "2005.10.25"]
[Round "4"]
[White "Gonzales, Mathias"]
[Black "Potaux, Olivier"]
[Result "1/2-1/2"]
[WhiteElo "2077"]
[BlackElo "1893"]
[PlyCount "76"]
[EventDate "2005.10.23"]
[EventType "swiss"]
[EventRounds "9"]
[EventCountry "FRA"]
[SourceTitle "EXT 2006"]
[Source "ChessBase"]
[SourceDate "2005.11.24"]
[SourceVersion "1"]
[SourceVersionDate "2005.11.24"]
[SourceQuality "1"]

1. d4 Nf6 2. Nf3 e6 3. Bf4 b6 4. e3 Bb7 5. Nbd2 Be7 6. h3 0-0 7. Bd3 d5 8. c3 Nbd7 9. Ne5 Nxe5 10. dxe5 Nd7 11. h4 f6 12. Nf3 f5 13. Nd4 Nc5 14. Bc2 Bc8 15. Rc1 Bd7 16. g4 Ne4 17. g5 c5 18. Ne2 c4 19. Nd4 b5 20. f3 Nc5 21. Ke2 a5 22. Qg1 Kh8 23. g6 Qe8 24. h5 Rg8 25. gxh7 Kxh7 26. Qg2 Rh8 27. Rcg1 Qf7 28. Rh2 b4 29. Rgh1 bxc3 30. bxc3 Rab8 31. Qg6+ Kg8 32. Qxf7+ Kxf7 33. h6 gxh6 34. Rxh6 Rxh6 35. Rxh6 Rg8 36. Rh7+ Rg7 37. Rxg7+ Kxg7 38. Bg3 Kf7 1/2-1/2

[Event "Le Touquet op 20th"]
[Site "Le Touquet"]
[Date "2005.10.25"]
[Round "3"]
[White "Potaux, Olivier"]
[Black "Equey, Daniel"]
[Result "1/2-1/2"]
[WhiteElo "1893"]
[BlackElo "1833"]
[PlyCount "92"]
[EventDate "2005.10.23"]
[EventType "swiss"]
[EventRounds "9"]
[EventCountry "FRA"]
[SourceTitle "EXT 2006"]
[Source "ChessBase"]
[SourceDate "2005.11.24"]
[SourceVersion "1"]
[SourceVersionDate "2005.11.24"]
[SourceQuality "1"]

1. d4 Nf6 2. Nf3 g6 3. c4 d5 4. Nc3 Bg7 5. Bg5 Ne4 6. Bf4 Nxc3 7. bxc3 c5 8. e3 Nc6 9. cxd5 Qxd5 10. Be2 0-0 11. 0-0 cxd4 12. cxd4 Bg4 13. h3 Bd7 14. Nd2 Rac8 15. Bf3 Qa5 16. Nc4 Qb5 17. Be2 Qd5 18. Rc1 Bf5 19. Qb3 b5 20. Na5 Be4 21. Qxd5 Bxd5 22. Nxc6 Bxc6 23. Rc5 a6 24. a4 Bd7 25. Rfc1 bxa4 26. Bxa6 Rxc5 27. Rxc5 Ra8 28. Bb7 Ra7 29. Rc7 e5 30. Rxd7 exf4 31. Rd8+ Bf8 32. Bd5 fxe3 33. fxe3 Kg7 34. Kf2 a3 35. Ba2 Rb7 36. Bd5 Rb2+ 37. Kf3 a2 38. Ra8 Rb1 39. Rxa2 Rf1+ 40. Ke4 Bd6 41. Ra7 Bg3 42. Kd3 h6 43. Bf3 Rc1 44. d5 Rc7 45. Rxc7 Bxc7 46. Kc4 Bd6 1/2-1/2

[Event "Checy op 1st"]
[Site "Checy"]
[Date "2002.05.19"]
[Round "3"]
[White "Potaux, Olivier"]
[Black "Pouyade, Fabrice"]
[Result "0-1"]
[WhiteElo "1900"]
[BlackElo "1790"]
[PlyCount "32"]
[EventDate "2002.05.18"]
[EventType "swiss"]
[EventRounds "6"]
[EventCountry "FRA"]
[SourceTitle "CBM 088 Extra"]
[Source "ChessBase"]
[SourceDate "2002.07.01"]
[SourceVersion "2"]
[SourceVersionDate "2002.07.01"]
[SourceQuality "1"]

1. e4 c5 2. Nc3 Nc6 3. f4 e6 4. Nf3 d5 5. d3 g6 6. g3 Bg7 7. Bg2 Nge7 8. 0-0 a6 9. Qe2 b5 10. exd5 exd5 11. Nxd5 Qxd5 12. Ne5 Qe6 13. Be3 Nxe5 14. Bxa8 Ng4 15. Rf3 Nxe3 16. Rxe3 Bd4 0-1

[Event "IECG FI.1999.0.00002 Jim Krepp mem II"]
[Site "IECG email"]
[Date "1999.06.01"]
[Round "?"]
[White "Pijl, Richard"]
[Black "Potaux, Olivier"]
[Result "1-0"]
[WhiteElo "1855"]
[BlackElo "1750"]
[PlyCount "33"]
[EventDate "1999.06.01"]
[EventType "tourn (corr)"]
[EventRounds "12"]
[SourceTitle "Corr 2008"]
[Source "ChessBase"]
[SourceDate "2008.06.24"]
[SourceVersion "1"]
[SourceVersionDate "2008.06.24"]
[SourceQuality "1"]

1. e4 d5 2. exd5 Qxd5 3. Nc3 Qa5 4. d4 c6 5. Nf3 Nf6 6. Bc4 Bg4 7. h3 Bh5 8. Bd2 e6 9. Nd5 Qd8 10. Nxf6+ gxf6 11. c3 Qc7 12. Qe2 Nd7 13. 0-0-0 0-0-0 14. g4 Bg6 15. Nh4 Bd6 16. Nxg6 hxg6 17. h4 1-0

[Event "IECG FI.1999.0.00002 Jim Krepp mem II"]
[Site "IECG email"]
[Date "1999.06.01"]
[Round "?"]
[White "Potaux, Olivier"]
[Black "Santos, Paulo J"]
[Result "1/2-1/2"]
[WhiteElo "1750"]
[BlackElo "1743"]
[PlyCount "43"]
[EventDate "1999.06.01"]
[EventType "tourn (corr)"]
[EventRounds "12"]
[SourceTitle "Corr 2008"]
[Source "ChessBase"]
[SourceDate "2008.06.24"]
[SourceVersion "1"]
[SourceVersionDate "2008.06.24"]
[SourceQuality "1"]

1. e4 e5 2. d4 exd4 3. Nf3 Nc6 4. Bc4 Nf6 5. e5 d5 6. Bb5 Ne4 7. Nxd4 Bd7 8. Bxc6 bxc6 9. 0-0 Bc5 10. Be3 0-0 11. Nd2 Nxd2 12. Qxd2 Bb6 13. Rab1 Qh4 14. a4 a5 15. f4 Rae8 16. b3 Qg4 17. Rf3 f6 18. Rg3 Qh5 19. exf6 Rxf6 20. Rg5 Qf7 21. Re5 c5 22. Nf3 1/2-1/2

[Event "IECG WC.2002.P.00004 email"]
[Site "IECG email"]
[Date "1999.??.??"]
[Round "?"]
[White "Efendiyev, Enver Mikhailovich"]
[Black "Potaux, Olivier"]
[Result "1/2-1/2"]
[WhiteElo "2262"]
[BlackElo "1750"]
[PlyCount "67"]
[EventDate "1999.02.21"]
[EventType "tourn (corr)"]
[EventRounds "8"]
[SourceTitle "Corr 2008"]
[Source "ChessBase"]
[SourceDate "2008.06.24"]
[SourceVersion "1"]
[SourceVersionDate "2008.06.24"]
[SourceQuality "1"]

1. e4 e6 2. d4 d5 3. Nc3 Nf6 4. Bg5 Be7 5. e5 Nfd7 6. h4 c5 7. Nb5 f6 8. exf6 Nxf6 9. Bf4 0-0 10. Nf3 Nc6 11. Bc7 Qe8 12. Be5 Qh5 13. Be2 cxd4 14. Bxd4 Nxd4 15. Qxd4 Ne4 16. Ng5 Qg6 17. Nxe4 dxe4 18. 0-0-0 Bxh4 19. g3 Bf6 20. Qa4 a6 21. Nd6 b5 22. Qxe4 Qxe4 23. Nxe4 Bb7 24. Nxf6+ Rxf6 25. Rh2 Bf3 26. Bxf3 Rxf3 27. Rd6 e5 28. Re6 Raf8 29. Rxa6 Rxf2 30. Rxf2 Rxf2 31. Re6 Rf5 32. Rb6 e4 33. Kd2 Rg5 34. Ke3 1/2-1/2

[Event "IECG WC.2002.P.00004 email"]
[Site "IECG email"]
[Date "1999.??.??"]
[Round "?"]
[White "Forget, Remy"]
[Black "Potaux, Olivier"]
[Result "1/2-1/2"]
[WhiteElo "1333"]
[BlackElo "1750"]
[PlyCount "44"]
[EventDate "1999.02.21"]
[EventType "tourn (corr)"]
[EventRounds "8"]
[SourceTitle "Corr 2008"]
[Source "ChessBase"]
[SourceDate "2008.06.24"]
[SourceVersion "1"]
[SourceVersionDate "2008.06.24"]
[SourceQuality "1"]

1. e4 e6 2. d4 d5 3. Nc3 Nf6 4. e5 Nfd7 5. f4 c5 6. Nf3 Nc6 7. Be3 cxd4 8. Nxd4 Bc5 9. Qd2 Nxd4 10. Bxd4 Bxd4 11. Qxd4 Qb6 12. Qxb6 Nxb6 13. Nb5 Ke7 14. Bd3 Bd7 15. Nd4 a6 16. Kd2 Rac8 17. b3 Rc5 18. Rhc1 Rhc8 19. c3 a5 20. Rc2 a4 21. Rac1 axb3 22. axb3 Ra8 1/2-1/2

[Event "IECG WC.2002.P.00004 email"]
[Site "IECG email"]
[Date "1999.??.??"]
[Round "?"]
[White "Potaux, Olivier"]
[Black "Martjukhin, Viktor"]
[Result "1/2-1/2"]
[WhiteElo "1750"]
[BlackElo "2084"]
[PlyCount "43"]
[EventDate "1999.02.21"]
[EventType "tourn (corr)"]
[EventRounds "8"]
[SourceTitle "Corr 2008"]
[Source "ChessBase"]
[SourceDate "2008.06.24"]
[SourceVersion "1"]
[SourceVersionDate "2008.06.24"]
[SourceQuality "1"]

1. e4 c6 2. d4 d5 3. e5 Bf5 4. Nc3 e6 5. g4 Bg6 6. Nge2 Qh4 7. Nf4 Nh6 8. h3 Bb4 9. Bd2 Nd7 10. a3 Ba5 11. Qe2 0-0 12. 0-0-0 c5 13. Nb5 Bxd2+ 14. Rxd2 cxd4 15. Nxd4 Rac8 16. Nxg6 hxg6 17. Bg2 Qg5 18. Re1 Nb6 19. Kb1 Nc4 20. Rd3 b5 21. Ka2 a6 22. c3 1/2-1/2

[Event "IECG WC.2002.P.00004 email"]
[Site "IECG email"]
[Date "1999.??.??"]
[Round "?"]
[White "Potaux, Olivier"]
[Black "Voudouris, Nick"]
[Result "0-1"]
[WhiteElo "1750"]
[BlackElo "1006"]
[PlyCount "62"]
[EventDate "1999.02.21"]
[EventType "tourn (corr)"]
[EventRounds "8"]
[SourceTitle "Corr 2008"]
[Source "ChessBase"]
[SourceDate "2008.06.24"]
[SourceVersion "1"]
[SourceVersionDate "2008.06.24"]
[SourceQuality "1"]

1. e4 e5 2. d4 exd4 3. Nf3 Bb4+ 4. c3 dxc3 5. bxc3 Bc5 6. Bg5 Ne7 7. Bc4 Nbc6 8. 0-0 d6 9. Nbd2 h6 10. Bh4 0-0 11. Re1 Be6 12. Bd3 Qd7 13. Rb1 Bxa2 14. Rxb7 Rfb8 15. Rxb8+ Rxb8 16. Qa4 Be6 17. Bb5 g5 18. Bg3 Rb6 19. Nc4 Bxc4 20. Bxc4 Kg7 21. Qc2 Qg4 22. Be2 Qe6 23. h3 Qb3 24. Qd3 Ng6 25. Bd1 Qa3 26. Bc2 Nce5 27. Nxe5 Nxe5 28. Bxe5+ dxe5 29. Rd1 Qa2 30. Rf1 Rb2 31. Qg3 Qe6 0-1

[Event "IECG WC.2002.P.00004 email"]
[Site "IECG email"]
[Date "1999.??.??"]
[Round "?"]
[White "Roldan Ortiz, Antonio Jose"]
[Black "Potaux, Olivier"]
[Result "1-0"]
[WhiteElo "1172"]
[BlackElo "1750"]
[PlyCount "47"]
[EventDate "1999.02.21"]
[EventType "tourn (corr)"]
[EventRounds "8"]
[SourceTitle "Corr 2008"]
[Source "ChessBase"]
[SourceDate "2008.06.24"]
[SourceVersion "1"]
[SourceVersionDate "2008.06.24"]
[SourceQuality "1"]

1. d4 Nf6 2. c4 e5 3. dxe5 Ng4 4. e4 Nxe5 5. f4 Nec6 6. Be3 Bb4+ 7. Nc3 Bxc3+ 8. bxc3 0-0 9. Nf3 d6 10. Bd3 Qe7 11. 0-0 b6 12. Qe2 Bb7 13. Rad1 Nd7 14. Bd4 Rfe8 15. Rde1 Rad8 16. Bb1 Nc5 17. Bxc5 dxc5 18. e5 Na5 19. Bxh7+ Kf8 20. Ng5 g6 21. e6 Kg7 22. Nxf7 Kxh7 23. Nxd8 Rxd8 24. f5 1-0